|
|
|
|
| LEADER |
00000nab a2200000 a 4500 |
| 001 |
vtls000097241 |
| 003 |
SK-MaSNL |
| 005 |
20260303022050.0 |
| 008 |
150430c1981 xo 0 slo |
| 015 |
|
|
|a SNBRB19rr/mm-uuuuu
|
| 035 |
|
|
|a CL0107344
|
| 040 |
|
|
|a SNKBUCL
|b slo
|c SNKBUCL
|e AACR2
|
| 041 |
0 |
|
|a slo
|
| 044 |
|
|
|a xo
|c SK
|
| 080 |
|
|
|a 82.09:884-3(048)
|2 1981
|
| 080 |
|
|
|a 884-3(048)
|2 1981
|
| 100 |
1 |
|
|a Weidler, Ernest,
|d 1933-2012
|4 aut
|9 37564
|
| 245 |
1 |
0 |
|a Z o zápisníka
|c Ernest Weidler ; Jaroslav Iwaszkiewicz
|
| 650 |
0 |
7 |
|a romány historické
|2 snkbucl
|9 403944
|
| 650 |
0 |
7 |
|a romány spoločenské
|2 snkbucl
|9 402806
|
| 655 |
|
7 |
|a články z novín a časopisov
|2 snkbucl
|9 267496
|
| 655 |
|
7 |
|a články z odboru literárna veda a krásna literatúra
|2 snkbucl
|9 770045
|
| 700 |
1 |
|
|a Iwaszkiewicz, Jarosław,
|d 1894-1980
|4 aut
|9 103095
|
| 773 |
0 |
|
|t Učiteľské noviny
|g Roč. 31, č. 19 (1981), s. 12
|
| 787 |
0 |
8 |
|i Rec.:
|a Iwaszkiewicz, Jaroslaw
|t Česť a slava
|d Bratislava : Slovenský spisovateľ, 1980
|
| 850 |
|
|
|a Slovenská národná knižnica v Martine
|a MTA001
|
| 852 |
|
|
|a SNK
|b KIS3GCP
|
| 958 |
|
|
|a RK
|
| 958 |
|
|
|a LX
|
| 958 |
|
|
|a SK
|
| 992 |
|
|
|a RBX
|
| 999 |
|
|
|c 1626613
|d 1628543
|